000
00294nam a22001337a 4500
999
_c
172533
_d
172533
020
_a
082
_a
_b
100
_a
Augusta Klein
245
_a
Legends and myths of spiritual India/
_c
by Augusta Klein.
260
_a
_b
Discover,
_c
1984.
300
_a
347p.
650
_a
942
_c
BK